000 00547 a2200157 4500
020 _a0534465935
040 _aDLC
_bDLC
100 1 _aHwang, Enoch.
245 1 0 _aDigital logic and microprocessor design with VHDL
_cEnoch Hwang
260 _aToronto, Ont. :
_bThomson/Nelson,
_cc2006.
300 _axix, 588 p. :
_bill. ;
_c25 cm. +
_e1 CD-ROM (4 3/4 in.)
650 0 _aLogic design
_xData processing.
650 0 _aMicroprocessors
_xDesign and construction.
650 0 _aVHDL (Computer hardware description language).
942 _cBK
_k621.395 HWA
_2ddc
999 _c9878
_d9878